<?xml version="1.0" encoding="UTF-8"?><?xml-stylesheet type="text/xsl" href="static/style.xsl"?><OAI-PMH xmlns="http://www.openarchives.org/OAI/2.0/" xmlns:xsi="http://www.w3.org/2001/XMLSchema-instance" xsi:schemaLocation="http://www.openarchives.org/OAI/2.0/ http://www.openarchives.org/OAI/2.0/OAI-PMH.xsd"><responseDate>2026-04-17T11:37:23Z</responseDate><request verb="GetRecord" identifier="oai:www.recercat.cat:10256/23482" metadataPrefix="marc">https://recercat.cat/oai/request</request><GetRecord><record><header><identifier>oai:recercat.cat:10256/23482</identifier><datestamp>2025-05-20T04:07:02Z</datestamp><setSpec>com_2072_453051</setSpec><setSpec>com_2072_2054</setSpec><setSpec>col_2072_453058</setSpec></header><metadata><record xmlns="http://www.loc.gov/MARC21/slim" xmlns:dcterms="http://purl.org/dc/terms/" xmlns:xsi="http://www.w3.org/2001/XMLSchema-instance" xmlns:doc="http://www.lyncode.com/xoai" xsi:schemaLocation="http://www.loc.gov/MARC21/slim http://www.loc.gov/standards/marcxml/schema/MARC21slim.xsd">
   <leader>00925njm 22002777a 4500</leader>
   <datafield ind2=" " ind1=" " tag="042">
      <subfield code="a">dc</subfield>
   </datafield>
   <datafield ind2=" " ind1=" " tag="720">
      <subfield code="a">Sala Torrent, Mireia</subfield>
      <subfield code="e">author</subfield>
   </datafield>
   <datafield ind2=" " ind1=" " tag="720">
      <subfield code="a">Janer Hidalgo, Ángela</subfield>
      <subfield code="e">author</subfield>
   </datafield>
   <datafield ind2=" " ind1=" " tag="720">
      <subfield code="a">Planas Lladó, Anna</subfield>
      <subfield code="e">author</subfield>
   </datafield>
   <datafield ind2=" " ind1=" " tag="720">
      <subfield code="a">Montserrat Boada, Carme</subfield>
      <subfield code="e">author</subfield>
   </datafield>
   <datafield ind2=" " ind1=" " tag="720">
      <subfield code="a">Iglesias Vidal, Edgar</subfield>
      <subfield code="e">author</subfield>
   </datafield>
   <datafield ind2=" " ind1=" " tag="720">
      <subfield code="a">Carrera-Fossas, Eduard</subfield>
      <subfield code="e">author</subfield>
   </datafield>
   <datafield ind2=" " ind1=" " tag="260">
      <subfield code="c">2023</subfield>
   </datafield>
   <datafield ind2=" " ind1=" " tag="520">
      <subfield code="a">Projecte de recerca “Infants, joves i comunitats resilients: identificació i anàlisi de pràctiques socials i educatives des d’una perspectiva multidimensional i interseccional per a fer front a la pandèmia”, guanyador en la convocatòria PANDÈMIES 2020 de l’AGAUR de la Generalitat de Catalunya</subfield>
   </datafield>
   <datafield ind2=" " ind1=" " tag="520">
      <subfield code="a">Aquest informe forma part d’una de les estratègies metodològiques portades a terme en el marc del projecte de I+D+I: Projecte HEBE. L’empoderament de joves en la comunitat. Anàlisi de casos a partir de tres comunitats. Ref.: PID2020-119939RB-I00, finançat per MCIN/AEI/10.13039/501100011033/.&#xd;
L’estudi que es presenta té algunes qüestions inicials que guien el seu treball i a les que d’una manera o altra s’espera poder donar alguna resposta: Com influeix la comunitat en l’empoderament juvenil? Quines estratègies i recursos hauria de potenciar la comunitat per tal de facilitar l’empoderament de les persones joves? Quines sinergies s’estableixen entre els projectes socioeducatius amb finalitat empoderadora i el seu entorn comunitari? Quin és l’impacte dels projectes d’empoderament juvenil en les pròpies persones joves i en la comunitat?&#xd;
Aquestes qüestions son abordades a través de diferents estratègies metodològiques. La voluntat és tenir present aquesta mirada multi-metodològica per tal d’aprofitar específicament allò de particular que pot aportar cada proposta metodològica i escollir d’aquesta manera les qüestions més oportunes en cada cas. A la vegada, també es busca la complementarietat entre les propostes i la màxima garantia d’abast d’informació en la recerca.&#xd;
L’informe que ara teniu a les mans recull de forma sintètica el treball que s’ha portat a terme a través de la realització dels relats de vida de 3 joves de la comunitat de Celrà. Aquest informe, juntament amb els informes de relats de vida de persones joves de la mateixa comunitat i de grups de discussió, conforma el recull de dades que fonamenten i donen lloc a l’Informe de Comunitat Celrà</subfield>
   </datafield>
   <datafield ind2=" " ind1=" " tag="520">
      <subfield code="a">Projecte de recerca “Projecte HEBE: l'empoderament de joves en la comunitat: anàlisi de casos a partir de tres comunitats", ref.: PID2020-119939RB-I00, finançat per MCIN/AEI/10.13039/501100011033</subfield>
   </datafield>
   <datafield tag="653" ind2=" " ind1=" ">
      <subfield code="a">Apoderament (Ciències socials)</subfield>
   </datafield>
   <datafield tag="653" ind2=" " ind1=" ">
      <subfield code="a">Empowerment (Social sciences)</subfield>
   </datafield>
   <datafield tag="653" ind2=" " ind1=" ">
      <subfield code="a">Joves -- Aspectes socials</subfield>
   </datafield>
   <datafield tag="653" ind2=" " ind1=" ">
      <subfield code="a">Youth -- Social aspects</subfield>
   </datafield>
   <datafield ind2="0" ind1="0" tag="245">
      <subfield code="a">Informe 2: anàlisi de relats de vida: Celrà</subfield>
   </datafield>
</record></metadata></record></GetRecord></OAI-PMH>